000 00830nam a2200253Ia 4500
003 OSt
005 20220916110923.0
006 a|||||r|||| 00| 0
007 ta
008 220915b |||||||| |||| 00| 0 hin d
024 _a245842
037 _cTextbook
040 _bhin
_aARTS
_cARTS
041 _ahin
082 _aO152,1CHx, K7
100 _aचौहान, प्रकाश सिंह
245 0 _aआकाशगंगा
246 _aTamil - marāṭhī shabdakosha
260 _aलखीमपुर
_bंकौशल कुमार श्रीवास्तव भारत
_c1967
300 _a46प
_ccm.
650 _aहिन्दी साहित्य
942 _hO152,1CHx, K7
_cTB
_2CC
999 _c101451
_d101451